Only Connect Wall #3 - Statistics

General Stats
  • This quiz has been taken 48 times
  • The average score is 34 of 64
Answer Stats
Question Tile Select % Correct
Input first group here: VIOLIN No
95%
Input first group here: ARE No
91%
Input first group here: REI No
91%
Input first group here: RITE No
91%
Input first group here: ARROW No
89%
Input first group here: HELP No
86%
Input first group here: LINT No
86%
Input first group here: RIBBON No
86%
Input first group here: FORE No
80%
Input first group here: TIME No
80%
Input first group here: ACE Yes
75%
Input second group here: FORE No
68%
Input second group here: REI No
68%
Input first group here: OUT No
66%
Input second group here: VIOLIN No
66%
Input third group here: ACE No
64%
Input second group here: FAULT No
64%
Input third group here: LOB No
64%
Input second group here: RIBBON No
64%
Input second group here: SLICE No
61%
Input second group here: ACE No
59%
Input third group here: FORE No
59%
Input second group here: HELP No
59%
Input second group here: TIME No
59%
Input first group here: DEUCE Yes
57%
Input third group here: DEUCE No
57%
Input fourth group here: FAULT No
57%
Input second group here: OUT No
57%
Input third group here: SLICE No
57%
Input fourth group here: ACE No
55%
Input third group here: ARE No
55%
Input second group here: DEUCE No
55%
Input fourth group here: DEUCE No
55%
Input second group here: LOB No
55%
Input fourth group here: OUT No
55%
Input fourth group here: SLICE No
55%
Input third group here: VIOLIN No
55%
Input fourth group here: ARE No
52%
Input third group here: ARROW No
52%
Input third group here: LINT No
52%
Input third group here: RIBBON No
52%
Input fourth group here: ARROW No
50%
Input first group here: FAULT No
50%
Input first group here: LOB Yes
50%
Input third group here: RITE No
50%
Input fourth group here: HELP No
48%
Input fourth group here: LINT No
48%
Input fourth group here: LOB No
48%
Input third group here: REI No
48%
Input fourth group here: TIME No
45%
Input fourth group here: RITE No
41%
Input first group here: SLICE Yes
41%
Input second group here: ARE Yes
20%
Input fourth group here: FORE Yes
20%
Input fourth group here: REI Yes
20%
Input second group here: ARROW Yes
18%
Input third group here: OUT Yes
18%
Input fourth group here: VIOLIN Yes
18%
Input third group here: FAULT Yes
16%
Input fourth group here: RIBBON Yes
16%
Input third group here: TIME Yes
16%
Input second group here: LINT Yes
14%
Input third group here: HELP Yes
11%
Input second group here: RITE Yes
11%
No matching quizzes found
Score Distribution
Percent of People with Each Score
Percentile by Number Answered
Your Score History
You have not taken this quiz